• 首页
  • 本馆介绍
  • 公告通知
  • 最新文献
  • 馆藏检索
  • 电子资源
  • 读者导购
  • 参考咨询
  • 我的图书馆
  • 登录
  • 详细信息显示
  • 放入我的书架
  • 预约/预借图书
  • 作者相关作品
  • 分类相关作品
  • 丛书相关作品
  • 出版社相关作品

书目信息

  • 表格格式
  • 工作单格式
  • 卡片格式
题名:
公共图书馆组织文化诊断
    
 
作者: 张文亮 著
分册:  
出版信息: 北京   海洋出版社  2016
页数: 286页
开本: 23cm
丛书名: 图书馆学情报学理论与实践系列丛书
单 册:
中图分类: G258.2
科图分类:
主题词: 公共图书馆--组织文化--研究
电子资源:
ISBN: 978-7-5027-9238-1
000 01241nam0 2200253 450
001 2984
005 20161207150248.65
010    @a978-7-5027-9238-1@dCNY56.00
100    @a20160112d2016 em y0chiy50 ea
101 0  @achi
102    @aCN@b110000
105    @ay z 000yy
200 1  @a公共图书馆组织文化诊断@9gong gong tu shu guan zu zhi wen hua zhen duan@dDiagnosis of public libraries' organizational culture@e模型与方法@emodel and method@zeng@f张文亮著
210    @a北京@c海洋出版社@d2016
215    @a286页@d23cm
225 1  @a图书馆学情报学理论与实践系列丛书
300    @a本书是国家社科基金项目“基于管理沟通的图书馆组织文化研究”的研究成果之一
330    @a本书以组织文化诊断为切入点,为公共图书馆组织文化建设提供理论指导。全书通过专家访谈、图书馆员访谈、专家问卷调查和案例研究构建了公共图书馆组织文化诊断模型,为公共图书馆组织文化诊断提供一个具有适用性和可操作性的参考模型,在此基础上,提出了图书馆组织文化诊断的方法与策略。
510 1  @aDiagnosis of public libraries' organizational culture@emodel and method@zeng
606 0  @a公共图书馆@x组织文化@x研究
690    @aG258.2@v5
701  0 @a张文亮@9zhang wen liang@f(1983-)@4著
801  0 @aCN@b大连网信软件有限公司图书馆·11@c20161207
905    @aZUCC@dG258.2@e37
    
    公共图书馆组织文化诊断=Diagnosis of public libraries' organizational culture:模型与方法:model and method/张文亮著.-北京:海洋出版社,2016
    286页;23cm.-(图书馆学情报学理论与实践系列丛书)
    本书是国家社科基金项目“基于管理沟通的图书馆组织文化研究”的研究成果之一
    
    ISBN 978-7-5027-9238-1:CNY56.00
    本书以组织文化诊断为切入点,为公共图书馆组织文化建设提供理论指导。全书通过专家访谈、图书馆员访谈、专家问卷调查和案例研究构建了公共图书馆组织文化诊断模型,为公共图书馆组织文化诊断提供一个具有适用性和可操作性的参考模型,在此基础上,提出了图书馆组织文化诊断的方法与策略。
●
相关链接 在E读中查询图书 在五车中查询图书 在当当中查询图书 在豆瓣中查询图书


正题名:公共图书馆组织文化诊断     索取号:G258.2/37         预约/预借

序号 登录号 条形码 馆藏地/架位号 状态 备注
1 912387   209123875   第一样本阅览室/ [索取号:G258.2/37] 在馆    
2 912388   209123884   第四借阅区/ [索取号:G258.2/37] 在馆    
3 912389   209123893   第四借阅区/ [索取号:G258.2/37] 在馆    
4 912390   209123900   第四借阅区/ [索取号:G258.2/37] 在馆    
唐山师范学院图书馆 欢迎您!
大连网信软件有限公司© 版权所有